Frontier perspectives: essays in comparative anthropology (Record no. 385744)

000 -LEADER
fixed length control field 00547cam a22001577a 4500
008 - FIXED-LENGTH DATA ELEMENTS--GENERAL INFORMATION
fixed length control field 180718b1996 xxu||||| |||| 00| 0 eng d
020 ## - INTERNATIONAL STANDARD BOOK NUMBER
International Standard Book Number 0195775511
082 ## - DEWEY DECIMAL CLASSIFICATION NUMBER
Classification number BA2x547 L644
100 ## - MAIN ENTRY--PERSONAL NAME
Personal name Londholm, Charles
245 ## - TITLE STATEMENT
Title Frontier perspectives: essays in comparative anthropology
Statement of responsibility, etc. by Charles Lindholm
260 ## - PUBLICATION, DISTRIBUTION, ETC.
Place of publication, distribution, etc. Karachi
Name of publisher, distributor, etc. Oxford University Press
Date of publication, distribution, etc. 1996
300 ## - PHYSICAL DESCRIPTION
Extent 258p.
650 ## - SUBJECT ADDED ENTRY--TOPICAL TERM
Topical term or geographic name entry element Pushtuns --Pakistan --Swat --Social conditions.
650 ## - SUBJECT ADDED ENTRY--TOPICAL TERM
Topical term or geographic name entry element Pushtuns --Pakistan --Swat --Politics and government
650 ## - SUBJECT ADDED ENTRY--TOPICAL TERM
Topical term or geographic name entry element Pushtuns --Pakistan --Swat
Holdings
Withdrawn status Lost status Damaged status Not for loan Permanent Location Current Location Date acquired Full call number Barcode Date last seen Price effective from Koha item type
        Indian Institute of Public Administration Indian Institute of Public Administration 1998-03-22 BA2x547 L644 73027 2018-07-21 2018-07-21 Book

Powered by Koha